00794nam a2200217 a 4500001001000000003000500010005001700015008004100032010001100073011001100084040000900095100003100104245012200135260004100257500006000298502007500358650002100433650003600454856001600490856007000506000113791CHAP20220329144413.0170925s2017 mx a fsm |||||||spa d a110252 a111224 cCHAP1 aArroyo Prado, Norma Yareli10aEvaluación, uso y manejo de los analizadores de humedad Mb23 y Mb35 /h[En línea]cpor Norma Yareli Arroyo Prado. aChapingo, Méx. :bEl autor,c2017. aPara ver el contenido del material haga clic en la liga aTesis (Ingeniero en Irrigación) --UACH. Departamento de Irrigación14aSuelosxHumedad.14aSuelosxMétodos analíticos. a1 n0000579 aFinding aiduhttp://10.13.5.2/tesis/sist113791.pdfzTeclea aquí